|
|
|
|
| LEADER |
00000nab a2200000 a 4500 |
| 001 |
vtls000822007 |
| 003 |
SK-MaSNL |
| 005 |
20260319075534.0 |
| 008 |
140416c2002 xo 0 ukr |
| 015 |
|
|
|a SNBRB2003/01-01459
|
| 035 |
|
|
|a CLN000173662
|
| 040 |
|
|
|a SNKBUCL
|b slo
|c SNKBUCL
|e AACR2
|
| 041 |
0 |
|
|a ukr
|
| 044 |
|
|
|a xo
|c SK
|
| 080 |
|
|
|a 947.787(048)
|2 1997
|
| 100 |
1 |
|
|a Kováč, Andrej,
|d 1930-2015
|4 aut
|9 177702
|
| 245 |
1 |
0 |
|a Pravda pro Karpats'ku Ukrajinu
|c Andrij Kovač
|
| 300 |
|
|
|b Fotogr.
|
| 651 |
|
7 |
|a Zakarpatská Ukrajina (Ukrajina)
|x dejiny
|x recenzie
|2 snkbucl
|9 857137
|
| 655 |
|
7 |
|a články z novín a časopisov
|2 snkbucl
|9 267496
|
| 773 |
0 |
|
|t Duklja
|g Roč. 50, č. 5 (2002), s. 77-79
|
| 787 |
0 |
8 |
|i Rec.:
|t Vony boronyly karpats'ku Ukrajinu
|d Užhorod : Karpaty, 2002
|
| 850 |
|
|
|a Slovenská národná knižnica v Martine
|
| 852 |
|
|
|a SNK
|b KIS3GCP
|
| 958 |
|
|
|a UK
|
| 958 |
|
|
|a SK
|
| 958 |
|
|
|a UA
|
| 958 |
|
|
|a RC
|
| 992 |
|
|
|a RBX
|
| 999 |
|
|
|c 1409255
|d 1411185
|